000 01089nam a22003017i 4500
003 EG-GICUC
005 20260307060646.0
008 260307s1949 uk ||||fr|||| 001 0 eng d
040 _aEG-GiCUC
_beng
_cEG-GiCUC
_dEG-GiCUC
_erda
041 _aeng
_heng
082 0 4 _221
_a341.6
_bKI . T
092 0 4 _221
099 _aLaw 11 341.6 KI . T 1949
100 1 _aKintner, Earl Wilson
_eAuthor.
245 _aTrial of :
_bAlfons Klein, Adolf Wahlmann, Heinrich Ruoff, Karl Willig, Adolf Merkle, Irmgard Huber, and Philipp Blum (The Hadamar Trial) /
_cBy Earl W. Kintner, Robert H. Jackson, Sir David Maxwell Fyfe.
264 _aLondon;
_bWilliam Hodge and Company,
_c1949.
300 _a250 pages :
_billustrations,
_c24 cm
336 _2rda content
_atext
337 _2rda media
_aComputer
338 _2rda carrier
_aOnline Resource
504 _aBibliography: pages 200-250.
546 _aText in English
650 1 _aPublic international law
_2qrmak
651 1 _2qrmak
856 4 0 _uhttps://fll.law.cu.edu.eg/fulltext/bks/B11-08545.pdf
905 _a31
942 _2ddc
_cBK
_e21
_n0
999 _c65529
_d65529